000 00475nam a22001937a 4500
003 koha_MIRAKIL
005 20231213095920.0
008 231213b |||||||| |||| 00| 0 ||| d
020 _b978-9-75070561-8
040 _aTR-IsEVY
_btur
_cTR-IsEVY
082 _a808.06831 AK/A
100 _aAk, Sevim.
245 0 _aAz buçuk Teo
250 _a6. bs.
260 _bCan Yayınları,
_c2011
300 _a205 s.
650 _aTürk edebiyatı -- Roman.
942 _2ddc
_cBK
999 _c11523
_d11523